| 000 | 01129nam a2200205Ia 4500 | ||
|---|---|---|---|
| 003 | Ost | ||
| 005 | 20260507075127.0 | ||
| 008 | 260507s9999||||xx |||||||||||||| ||und|| | ||
| 040 | _cfsecg | ||
| 041 | _aara | ||
| 082 | _a330 | ||
| 100 |
_aشاكر محمد، منير _eمؤلف |
||
| 245 | 0 |
_aالتحليل المالي : _bمدخل صناعة القرارات / _c منير شاكر محمد |
|
| 250 | _aطبعة 2 | ||
| 260 |
_aعمان: _bدار وائل, _c2005 |
||
| 300 |
_a320 صفحة؛ _bإيضاحات ؛ _c24 سم |
||
| 520 | _aطبيعة التحليل المالي-أدوات التحليل المالي-النسب العالية-تحليل المركز المالي قصير الأجل-تحليل قائمة التدفقات النقدية-استخدام التحليل المالي في التنبؤ بالفشل المالي-تحليل تحليل علاقات التكلفة-الحجم-الربح-تحليل كفاءة العمل ودرجة الرافعة-تحليل المركز المالي طويل الأجل وتكلفة التمويل. | ||
| 653 | _aالتحليل المالي | ||
| 942 | _cكتاب | ||
| 999 |
_c43172 _d43172 |
||